000 00579nam a2200205Ia 4500
005 20250923145135.0
008 008 250917s9999 xx 000 0 eng d
037 _aTextual
040 _aDSWL
_beng
_cDSWL
041 _aeng
_2eng
084 _aYX;6-L, N67;1
_qDSWL
100 _aButrym, Zofia
_9832172
245 0 _aSocial work in Medical Care
_cby Zofia Butrym
260 _aLondon
_bNew Routledge & Kegan Paul,
_c1967
300 _a256p.
365 _aINR
_b15
925 _g15
942 _cTEXL
_hYX;6-L, N67;1
999 _c1447651
_d1447651